Small group interaction and social acceptance among pre-adolescents (Record no. 19991)

MARC details
000 -LEADER
fixed length control field 00566nam a2200205Ia 4500
082 ## - DEWEY DECIMAL CLASSIFICATION NUMBER
Classification number TA.0032
100 ## - MAIN ENTRY--AUTHOR NAME
Personal name Achalakumari, Y.
245 #0 - TITLE STATEMENT
Title Small group interaction and social acceptance among pre-adolescents
260 ## - PUBLICATION, DISTRIBUTION, ETC. (IMPRINT)
Year of publication 1987
Name of publisher Bangalore University
300 ## - PHYSICAL DESCRIPTION
Number of Pages 683
650 ## - SUBJECT ADDED ENTRY--TOPICAL TERM
Topical Term Education
650 ## - SUBJECT ADDED ENTRY--TOPICAL TERM
Topical Term Group method in teaching
650 ## - SUBJECT ADDED ENTRY--TOPICAL TERM
Topical Term Interaction analysis in education
650 ## - SUBJECT ADDED ENTRY--TOPICAL TERM
Topical Term Group work in education
650 ## - SUBJECT ADDED ENTRY--TOPICAL TERM
Topical Term Social acceptance
650 ## - SUBJECT ADDED ENTRY--TOPICAL TERM
Topical Term Discussion
650 ## - SUBJECT ADDED ENTRY--TOPICAL TERM
Topical Term Group discussion
710 ## - ADDED ENTRY--CORPORATE NAME
Corporate name or jurisdiction name as entry element Thimmappa, M.S.
942 ## - ADDED ENTRY ELEMENTS (KOHA)
Koha item type Thesis
Source of classification or shelving scheme Dewey Decimal Classification
Holdings
Withdrawn status Lost status Damaged status Not for loan Home library Current library Date acquired Bill Date Full call number Accession Number Price effective from Koha item type
        NASSDOC Library NASSDOC Library 08/10/2004 2004-10-22 TA.0032 29451 18/04/2019 Thesis